Taskar tatsuniyoyi (Record no. 3799)

MARC details
000 -LEADER
fixed length control field 00336nam a22001457a 4500
008 - FIXED-LENGTH DATA ELEMENTS--GENERAL INFORMATION
fixed length control field 250605b |||||||| |||| 00| 0 eng d
020 ## - INTERNATIONAL STANDARD BOOK NUMBER
ISBN 9782049144
100 ## - MAIN ENTRY--AUTHOR
Author Usman Bukar
245 ## - TITLE STATEMENT
Title Taskar tatsuniyoyi
260 ## - PUBLICATION, DISTRIBUTION, ETC. (IMPRINT)
Place of publication Kano
Name of publisher Gidan dabino
Date of publication 2022
300 ## - COLLATION
Pagination 699p
650 ## - TRACINGS
Main Subject Fiction
942 ## - ADDED ENTRY ELEMENTS (KOHA)
Item type Books
050 ## - LIBRARY OF CONGRESS CALL NUMBER
Classification number PL 4563
Item number .U 86
Holdings
Source of classification or shelving scheme Not for loan Permanent location Current location Date acquired Accession No. Full call number Barcode. Koha item type
Library of Congress Classification   Samuel Ogbemudia Main Library, University of Abuja Samuel Ogbemudia Main Library, University of Abuja 06/05/2025 2023/61200-203 PL 4563.U 86 2025-2408 Books
Library of Congress Classification   Samuel Ogbemudia Main Library, University of Abuja Samuel Ogbemudia Main Library, University of Abuja 06/05/2025 2023/61200-203 PL 4563.U 86 2025-2409 Books
Library of Congress Classification   Samuel Ogbemudia Main Library, University of Abuja Samuel Ogbemudia Main Library, University of Abuja 06/05/2025 2023/61200-203 PL 4563.U 86 2025-2410 Books
Library of Congress Classification   Samuel Ogbemudia Main Library, University of Abuja Samuel Ogbemudia Main Library, University of Abuja 06/05/2025 2023/61200-203 PL 4563.U 86 2025-2411 Books